Fundamental concepts of earthquake engineering

Αποθηκεύτηκε σε:
Λεπτομέρειες βιβλιογραφικής εγγραφής
Κύριος συγγραφέας: Villaverde, Roberto (Συγγραφέας)
Μορφή: Βιβλίο
Γλώσσα:Αγγλικά
Έκδοση: Boca Raton, USA: CRC Press Taylor & Francis Group, 2009
Θέματα:
Ετικέτες: Προσθήκη ετικέτας
Δεν υπάρχουν, Καταχωρήστε ετικέτα πρώτοι!

MARC

LEADER 00000cam a2200000 a 4500
001 UCC4871
003 CL-VaPUC
005 20220520125625.0
008 180831e20090000us |||||||||||||||||eng|d
020 |a 9781420064957 
040 |c Pontificia Universidad Católica de Valparaíso 
082 0 4 |a 624.151 VIL 2009  |2 21 
100 0 |a Villaverde, Roberto  |e author  |9 599073 
245 1 0 |a Fundamental concepts of earthquake engineering 
260 |a Boca Raton, USA:   |b CRC Press Taylor & Francis Group,   |c 2009 
300 |a 949 páginas  
583 |a last modification  |c 20180831 12:04:00  |k Rodrigo Vera 
650 0 |a Ingeniería sísmica  |2 CL-VaPUC  |9 262652 
650 0 |a Dinámica estructural   |2 CL-VaPUC  |9 260388 
650 0 |a Dinámica de suelos  |2 CL-VaPUC  |9 262654 
942 |c BK  |2 ddc 
945 |d 20180831 12:04:00  |a dcastane 
999 |c 372256  |d 372254 
952 |0 0  |1 0  |3 erd  |4 0  |6 624_151000000000000_VIL_2009  |7 0  |8 A  |9 489580  |a BIBING  |b BIBING  |i 5493625  |o 624.151 VIL 2009  |p 5493625  |r 2025-01-20  |w 2019-11-24  |y BK  |z Catalogado en:20180831  |k CIC 
952 |0 0  |1 0  |3 erd  |4 0  |6 624_151000000000000_VIL_2009  |7 0  |8 A  |9 489581  |a BIBING  |b BIBING  |i 550824K  |o 624.151 VIL 2009  |p 550824K  |r 2025-01-20  |w 2019-11-24  |y BK  |z Catalogado en:20181021  |k CIC 
952 |0 0  |1 0  |2 ddc  |4 0  |6 624_151000000000000_VIL_2009  |7 0  |8 A  |9 583180  |a BIBING  |b BIBING  |c GEN  |d 2022-05-20  |e 1  |g 198274.00  |i 5651316  |o 624.151 VIL 2009  |p 5651316  |r 2025-01-20  |t 3  |v 198274.00  |w 2022-05-20  |y BK  |k CIC